[Event "Tourn. n8476"]
[Site "www.chess-mail.com"]
[Date "2015.12.08"]
[Round "1"]
[White "Neo"]
[Black "Johnmcbride"]
[WhiteElo "1860"]
[BlackElo "1810"]
[Result "1-0"]
[Round "1"]
1.d4 d5
2.e3 e6
3.g3 g6
4.Bf1g2 b6
5.Ng1f3 Bf8g7
6.Nf3e5 Bc8d7
7.O-O Qd8e7
8.b3 Nb8c6
9.Bc1a3 Qe7d8
10.c4 Nc6xe5
11.dxe5 Ng8e7
12.cxd5 O-O
13.Ba3b2 Bd7b5
14.Rf1e1 exd5
15.Nb1a3 Bb5c6
16.Bb2d4 Ne7f5
17.Ra1c1 Qd8d7
18.Qd1d2 Nf5xd4
19.exd4 Qd7e7
20.Rc1xc6 Qe7xa3
21.Rc6xc7 Rf8d8
22.e6 Qa3f8
23.exf7 Kh8
24.Qd2f4 Bg7h6
25.Qf4f3 Qf8d6
26.Rc7e7 Qd6c6
27.Re1e6 Qc6b5
28.Bg2f1 Qb5b4
29.Re7e8 Rd8xe8
30.Re6xe8 Bh6f8
31.Qf3f6 
1-0

[Event "Tourn. n8424"]
[Site "www.chess-mail.com"]
[Date "2015.12.08"]
[Round "1"]
[White "Falcoale"]
[Black "Osopanda"]
[WhiteElo "1910"]
[BlackElo "1860"]
[Result "0-1"]
[Round "1"]
1.e4 c5
2.d4 cxd4
3.Ng1f3 Nb8c6
4.Nf3xd4 d6
5.Nb1c3 a6
6.Bf1e2 Ng8f6
7.O-O e6
8.Bc1g5 Bf8e7
9.h3 O-O
10.f4 Qd8b6
11.Bg5xf6 Be7xf6
12.Kh1 Nc6xd4
13.Nc3a4 Qb6a5
14.Na4c3 Nd4xe2
15.Qd1xe2 Bf6xc3
16.bxc3 Bc8d7
17.Qe2e3 Ra8c8
18.Qe3d4 Qa5xc3
19.Qd4f2 Bd7b5
20.Rf1e1 Bb5c6
21.Ra1c1 f5
22.exf5 Rf8xf5
23.Re1xe6 Qc3xh3
24.Kg1 Qh3g4
25.g3 Rf5h5
26.Qf2e2 Rh5h1
27.Kf2 Qg4xe2
 { time }
0-1

[Event "Tourn. n8329"]
[Site "www.chess-mail.com"]
[Date "2015.12.08"]
[Round "1"]
[White "Numanoid"]
[Black "Asoka"]
[WhiteElo "2480"]
[BlackElo "2670"]
[Result "0-1"]
[Round "1"]
1.e4 e5
2.Ng1f3 Nb8c6
3.d4 exd4
4.Bf1c4 Ng8f6
5.e5 d5
6.Bc4b5 Nf6e4
7.Nf3xd4 Bc8d7
8.Bb5xc6 bxc6
9.O-O Bf8c5
10.f3 Ne4g5
11.f4 Ng5e4
12.Bc1e3 Qd8b8
13.Nb1c3 Qb8xb2
14.Nc3xe4 dxe4
15.Qd1d2 Qb2b4
16.Qd2f2 Bc5b6
17.a4 a5
18.Nd4b3 O-O
19.Rf1b1 Qb4c4
20.Be3xb6 cxb6
21.Qf2xb6 Qc4xc2
22.Qb6c5 Qc2xc5
23.Nb3xc5 Bd7f5
24.Rb1e1 Rf8b8
25.Nc5xe4 Rb8b4
26.Ne4d6 Bf5c2
27.f5 Rb4d4
28.Ra1a3 Kf8
29.Re1e2 Bc2d1
30.Re2e3 h5
31.h3 Bd1xa4
32.f6 gxf6
33.exf6 Rd4xd6
34.Ra3xa4 Rd6d5
35.Kh2 c5
36.Re3a3 Ra8a6
37.Ra4xa5 Ra6xf6
38.Ra3e3 Rf6f2
39.h4 Rf2f4
40.Kg3 Rf4g4
41.Kf3 Rd5f5
{ resign }
0-1

[Event "Tourn. n8493"]
[Site "www.chess-mail.com"]
[Date "2015.12.08"]
[Round "1"]
[White "Julian"]
[Black "Francesco"]
[WhiteElo "1880"]
[BlackElo "1930"]
[Result "0-1"]
[Round "1"]
1.e4 c6
2.d4 d5
3.e5 Bc8f5
4.Ng1f3 e6
5.Bc1g5 Bf8e7
6.Bg5xe7 Ng8xe7
7.Bf1d3 Nb8d7
8.O-O c5
9.c3 O-O
10.Bd3xf5 Ne7xf5
11.g4 Nf5e7
12.Qd1d3 Ra8c8
13.Nb1d2 Ne7g6
14.Kg2 Ng6f4
{ resign }
0-1

[Event "Tourn. n8405"]
[Site "www.chess-mail.com"]
[Date "2015.12.08"]
[Round "1"]
[White "Hundegana"]
[Black "Liencam2"]
[WhiteElo "2000"]
[BlackElo "2260"]
[Result "0-1"]
[Round "1"]
1.e4 c5
2.c4 Nb8c6
3.Ng1f3 d6
4.h3 Ng8f6
5.d3 g6
6.Bc1d2 Bf8g7
7.Qd1c1 h5
8.Nb1c3 Bc8d7
9.a3 a6
10.Bf1e2 Ra8b8
11.Ra1b1 b5
12.cxb5 axb5
13.b4 Nc6a7
14.bxc5 dxc5
15.Bd2e3 Qd8c7
16.Be3f4 Qc7b7
17.Bf4xb8 Qb7xb8
18.O-O O-O
19.Nc3d5 Nf6xd5
20.exd5 Qb8d6
21.Rf1e1 Qd6xd5
22.Qc1e3 e5
23.Qe3e4 Qd5d6
24.Be2d1 Bd7c6
25.Qe4e3 Qd6d5
26.Bd1b3 c4
27.dxc4 bxc4
28.Bb3xc4 Qd5xc4
29.Qe3xa7 Qc4f4
30.Qa7e3 Qf4a4
31.Rb1b4 Qa4a8
32.Re1c1 Rf8e8
33.Nf3e1 Kh7
34.Rc1xc6 Qa8xc6
35.Ne1f3 Bg7h6
36.Qe3b3 Qc6c1
37.Kh2 Re8e7
38.a4 e4
39.Nf3d4 Qc1f4
40.Kg1 e3
41.fxe3 Re7xe3
42.Nd4f3 Re3xb3
43.Rb4xf4 Bh6xf4
44.a5 Bf4g3
45.Kf1 Rb3a3
46.a6 Ra3xa6
47.Ke2 Ra6a2
48.Kf1 Ra2f2
49.Kg1 Rf2xf3
50.gxf3 h4
51.Kf1 Kh6
52.Ke2 Kg5
53.Ke3 Kf5
54.Kd3 Bg3c7
55.Ke3 Bc7b6
56.Ke2 Kf4
57.Kf1 Kxf3
58.Ke1 Kg3
59.Kf1 Kxh3
{ resign }
0-1

[Event "Match"]
[Site "www.echecsemail.com"]
[Date "2015.12.08"]
[Round "1"]
[White "Ranjachess"]
[Black "Rindrandria"]
[WhiteElo "1720"]
[BlackElo "1570"]
[Result "0-1"]
[Round "1"]
1.d4 c5
2.dxc5 Nb8a6
3.Bc1e3 Qd8a5
4.Qd1d2 Qa5b5
5.b3 e5
6.Nb1c3 Qb5c6
7.Ng1f3 Na6xc5
8.Be3xc5 Bf8xc5
9.e3 Bc5b4
10.Bf1c4 Ng8e7
11.O-O-O Qc6f6
12.Qd2d3 O-O
13.h4 h6
14.Nc3e4 Qf6f5
15.c3 Bb4a3
16.Kc2 Rf8d8
17.Bc4d5 d6
18.b4 Ne7xd5
19.Qd3xd5 Bc8d7
20.Kb3 Bd7e6
21.Qd5xe6 Qf5xe6
22.Kxa3 b5
23.Nf3d2 a5
24.Rd1a1 f5
25.Ne4g3 Qe6d5
26.Nd2b3 axb4
27.Kb2 Qd5xg2
28.Ng3xf5 Qg2xf2
29.Nb3d2 Qf2xd2
30.Kb1 Qd2d3
31.Kc1 Qd3xf5
32.cxb4 Rd8c8
33.Kd2 Qf5f2
34.Kd3 Qf2c2

0-1

[Event "Match"]
[Site "www.echecsemail.com"]
[Date "2015.12.08"]
[Round "1"]
[White "Chapi"]
[Black "Bjonil60"]
[WhiteElo "2060"]
[BlackElo "1180"]
[Result "1-0"]
[Round "1"]
1.d4 d5
2.c4 c6
3.Nb1c3 a6
4.Qd1a4 Bc8d7
5.c5 Ng8f6
6.Bc1f4 Nf6e4
7.e3 f6
8.Bf1d3 Ne4xc3
9.bxc3 e6
10.Ng1e2 g6
11.c4 dxc4
12.Bd3xc4 g5
13.Bf4g3 Bf8h6
14.Qa4b3 O-O
15.Qb3xb7 Rf8f7
16.Qb7xa8 f5
17.Qa8xb8 Qd8xb8
18.Bg3xb8 a5
19.O-O Rf7f8
20.Bb8d6 Rf8e8
21.Ra1b1 Kf7
22.Rb1b7 Bh6f8
23.Rb7xd7 Kg8
24.Bd6xf8 Kxf8
25.Rf1b1 h6
26.Rb1b7 Re8c8
27.Bc4xe6 Rc8e8
28.Rd7f7 Kg8
29.Rf7h7 Re8xe6
30.Rh7c7 Re6e8
31.Rc7xc6 f4
32.Rc6xh6 Re8f8
33.c6 f3
34.Ne2g3 g4
35.c7 Rf8c8
36.Rh6c6 Kf8
37.Rb7b8 Rc8xb8
38.cxb8Q Kf7
39.Qb8b7 Kf8
40.Rc6c8 
1-0

[Event "Match"]
[Site "www.echecsemail.com"]
[Date "2015.12.08"]
[Round "1"]
[White "Ostapbender"]
[Black "Andregor"]
[WhiteElo "2780"]
[BlackElo "2410"]
[Result "1/2-1/2"]
[Round "1"]
1.c4 b6
2.d4 Bc8b7
3.a3 e6
4.Nb1c3 Ng8f6
5.d5 Bf8d6
6.Ng1f3 O-O
7.g3 c6
8.Bf1g2 cxd5
9.cxd5 Nb8a6
10.Bc1g5 exd5
11.Nc3xd5 Bb7xd5
12.Bg5xf6 Qd8xf6
13.Qd1xd5 Qf6xb2
14.O-O Bd6e7
15.Nf3d4 Na6c5
16.a4 Be7f6
17.e3 Ra8b8
18.Rf1d1 Qb2c3
19.a5 Nc5e6
20.axb6 axb6
21.Rd1c1 Qc3d2
22.Rc1d1 Qd2c3
23.Rd1c1 Qc3d2
24.Rc1d1 Qd2c3
25.Rd1c1 { draw }
1/2-1/2

[Event "Match"]
[Site "www.echecsemail.com"]
[Date "2015.12.08"]
[Round "1"]
[White "Bjonil60"]
[Black "Caspito"]
[WhiteElo "1180"]
[BlackElo "1790"]
[Result "0-1"]
[Round "1"]
1.Nb1c3 Ng8f6
2.e3 e5
3.Qd1e2 d5
4.a3 Bf8c5
5.h3 O-O
6.b4 Bc5b6
7.f3 Rf8e8
8.d3 d4
9.Nc3a2 a6
10.e4 Nb8c6
11.Qe2d2 Bc8e6
12.g3 a5
13.b5 Nc6a7
14.g4 Na7xb5
15.a4 Be6xa2
16.Ra1xa2 Nb5c3
17.Ra2a3 Nc3b1
18.Qd2d1 Nb1xa3
19.Bc1xa3 Nf6d7
20.Bf1g2 c5
21.Ng1e2 Bb6c7
22.h4 Re8e6
23.g5 Bc7d6
24.Kf2 Ra8b8
25.Bg2h3 Re6g6
26.Bh3f5 Nd7b6
27.c3 c4
28.dxc4 Bd6xa3
29.Bf5xg6 fxg6
30.Ne2g3 Ba3c5
31.Kg2 dxc3
32.Qd1c2 Qd8d2
33.Qc2xd2 cxd2
34.Rh1d1 Bc5b4
35.Kf2 Nb6xc4
36.Ng3e2 Nc4b2
37.Rd1b1 Nb2d3
38.Kf1 Rb8c8
39.Kg2 Nd3f4
40.Ne2xf4 exf4
41.Kh3 Rc8c1
42.Rb1xc1 dxc1Q
43.Kg4 Bb4d6
44.h5 Qc1g1
45.Kh4 Qg1g3

0-1

[Event "1/8 Finale"]
[Site "www.chess-mail.com"]
[Date "2015.12.08"]
[Round "1"]
[White "Hwj"]
[Black "Amaya"]
[WhiteElo "2820"]
[BlackElo "2000"]
[Result "1-0"]
[Round "1"]
1.e4 e6
2.d4 d5
3.Nb1c3 Bf8b4
4.a3 Bb4xc3
5.bxc3 Ng8e7
6.Qd1g4 g6
7.Ng1f3 Nb8c6
8.e5 Bc8d7
9.Bc1g5 Qd8c8
10.Bg5f6 Rh8g8
11.Qg4f4 Nc6a5
12.Qf4h4 Ne7c6
13.Qh4xh7 Nc6e7
14.Nf3g5 Rg8f8
15.Bf6g7 Rf8g8
16.Bg7h6 Bd7a4
17.Qh7xf7 { resign }
1-0

[Event "Eq:Los Tercios-chibcha : "]
[Site "www.chess-mail.com"]
[Date "2015.12.08"]
[Round "1"]
[White "Tbsundar"]
[Black "Ericleo1980"]
[WhiteElo "2070"]
[BlackElo "2340"]
[Result "0-1"]
[Round "1"]
1.d4 d5
2.c4 c6
3.e3 Bc8f5
4.Ng1f3 e6
5.a3 a5
6.c5 b6
7.cxb6 Qd8xb6
8.Nb1c3 Nb8d7
9.Nc3a4 Qb6b7
10.Bf1d3 Bf5xd3
11.Qd1xd3 Ng8f6
12.O-O Bf8d6
13.Bc1d2 O-O
14.Rf1c1 Nf6e4
15.Bd2e1 Rf8b8
16.Nf3d2 Ne4f6
17.Rc1c3 Rb8c8
18.Rc3b3 Qb7c7
19.Ra1c1 Bd6xh2
20.Kh1 Bh2d6
21.f4 Ra8b8
22.Rb3c3 c5
23.dxc5 Bd6f8
24.Qd3d4 Qc7c6
25.Nd2b3 Qc6b5
26.c6 Qb5f1
27.Kh2 Nf6g4
28.Kg3 Nd7f6
29.Nb3xa5 h5
30.c7 Rb8b5
31.Na5b3 Nf6e4
32.Qd4xe4 dxe4
33.Nb3d2 Qf1e2
34.Nd2xe4 h4
35.Kxh4 Bf8e7
36.Kh3 Rb5h5
37.Be1h4 Be7xh4
 { time }
0-1

[Event "Eq:Clubul Central de Sah-Slap Shot Mates : "]
[Site "www.chess-mail.com"]
[Date "2015.12.08"]
[Round "1"]
[White "Pispindroi"]
[Black "Leswamp"]
[WhiteElo "2620"]
[BlackElo "2200"]
[Result "0-1"]
[Round "1"]
1.c4 e5
2.Nb1c3 Nb8c6
3.g3 f5
4.Bf1g2 Ng8f6
5.e3 g6
6.d4 e4
7.Ng1e2 Bf8g7
8.O-O O-O
9.b3 d6
10.f3 exf3
11.Bg2xf3 Qd8e7
12.Nc3d5 Nf6xd5
13.Bf3xd5 Bc8e6
14.Bd5g2 Be6f7
15.Rf1e1 Ra8e8
 { time }
0-1

[Event "Eq:Equipo Juan Diaz-Slap Shot Mates : "]
[Site "www.chess-mail.com"]
[Date "2015.12.08"]
[Round "1"]
[White "Ilusion"]
[Black "Jpmartinez"]
[WhiteElo "2020"]
[BlackElo "2460"]
[Result "0-1"]
[Round "1"]
1.e4 c5
2.Ng1f3 Nb8c6
3.d4 cxd4
4.Nf3xd4 g6
5.Bc1e3 Ng8f6
6.Nb1c3 Bf8g7
7.f3 O-O
8.Qd1d2 d5
9.O-O-O Nc6xd4
10.Be3xd4 dxe4
11.Nc3xe4 Nf6xe4
12.fxe4 Bg7xd4
13.Qd2xd4 Qd8c7
14.Bf1d3 Bc8g4
15.Rd1f1 Ra8c8
16.e5 Bg4e2
17.Qd4e4 Be2xf1
18.Rh1xf1 Qc7c6
19.Qe4e2 Qc6e6
20.Kb1 Rc8c5
21.Rf1e1 Rf8d8
22.h4 Rd8d5
{ resign }
0-1

[Event "Fast Game"]
[Site "www.echecsemail.com"]
[Date "2015.12.08"]
[Round "1"]
[White "Libiesse"]
[Black "Hennie4820"]
[WhiteElo "1679"]
[BlackElo "1600"]
[Result "0-1"]
[Round "1"]
1.d4 Ng8f6
2.c4 e6
3.Ng1f3 Bf8b4
4.Bc1d2 Bb4xd2
5.Nb1xd2 b6
6.g3 Bc8b7
7.Bf1g2 O-O
8.O-O d5
9.cxd5 Nf6xd5
10.e3 Nb8d7
11.a3 c5
12.Ra1c1 Ra8b8
13.e4 Nd5f6
14.Rf1e1 cxd4
15.Nf3xd4 Nd7c5
16.Nd2b3 Nc5xb3
17.Nd4xb3 Qd8xd1
18.Rc1xd1 Rf8d8
19.h3 Rd8xd1
20.Re1xd1 Bb7xe4
21.Bg2xe4 Nf6xe4
22.Rd1d7 a5
23.Rd7d4 Ne4f6
24.Kf1 Kf8
25.Ke2 Ke7
26.Ke3 Rb8d8
27.Nb3d2 Rd8xd4
28.Kxd4 Nf6d5
29.Nd2c4 f6
30.f4 h5
31.b3 g6
32.Nc4xb6 Nd5xb6
33.Kc5 Nb6d5
34.Kb5 e5
35.fxe5 fxe5
36.Kxa5 e4
37.b4 e3
38.g4 e2
{ resign }
0-1

[Event "Tourn. n8453"]
[Site "www.chess-mail.com"]
[Date "2015.12.09"]
[Round "1"]
[White "Naujzaid"]
[Black "Amaya"]
[WhiteElo "1910"]
[BlackElo "2050"]
[Result "0-1"]
[Round "1"]
1.d4 e6
2.c4 d5
3.Nb1c3 Bf8b4
4.Ng1f3 Ng8e7
5.e3 O-O
6.Bf1d3 Nb8c6
7.O-O h6
8.a3 Bb4xc3
9.bxc3 Nc6a5
10.cxd5 exd5
11.Nf3e5 f6
12.Ne5f3 Bc8g4
13.h3 Bg4e6
14.Nf3d2 Qd8c8
15.e4 dxe4
16.Bd3xe4 c6
17.Rf1e1 Ne7d5
18.Bc1b2 Nd5b6
19.Qd1h5 f5
20.Be4c2 Na5c4
21.Nd2xc4 Nb6xc4
22.Bb2c1 f4
23.Qh5g6 Be6f5
24.Bc2xf5 Qc8xf5
25.Qg6xf5 Rf8xf5
26.Re1e7 Nc4d6
27.a4 Nd6c4
28.Re7xb7 Ra8e8
29.Rb7xa7 Re8e1
30.Kh2 Nc4d2
31.Bc1b2 Re1e2
32.Kg1 Nd2e4
33.Bb2a3 Re2xf2
34.Ra7e7 Rf2e2
35.a5 f3
36.a6 Re2xg2
37.Kf1 Ne4d2
{ resign }
0-1

[Event "Tourn. n8494"]
[Site "www.chess-mail.com"]
[Date "2015.12.09"]
[Round "1"]
[White "Madz123456"]
[Black "Rons"]
[WhiteElo "2450"]
[BlackElo "2590"]
[Result "0-1"]
[Round "1"]
1.e4 c5
2.Ng1f3 d6
3.d4 cxd4
4.Nf3xd4 Ng8f6
5.Nb1c3 a6
6.Bc1g5 e6
7.f4 Qd8b6
 { time }
0-1

[Event "Tourn. n8393"]
[Site "www.chess-mail.com"]
[Date "2015.12.09"]
[Round "1"]
[White "Iko"]
[Black "Boyc"]
[WhiteElo "1640"]
[BlackElo "1530"]
[Result "1-0"]
[Round "1"]
1.e4 e5
2.Ng1f3 Nb8c6
3.Bf1b5 a6
4.Bb5xc6 dxc6
5.Nf3xe5 Qd8d4
6.f4 Qd4xe4
7.Qd1e2 Qe4xe2
8.Kxe2 Ng8f6
9.Rh1e1 Nf6d5
10.d4 Bf8e7
11.Kd1 f6
12.Ne5c4 Bc8g4
13.Kd2 O-O-O
14.h3 Bg4h5
15.f5 Rh8e8
16.b3 Be7b4
17.c3 Nd5xc3
18.Nb1xc3 Rd8xd4
19.Kc2 Re8xe1
20.Bc1b2 Re1e7
21.a3 Bb4c5
22.g4 Bh5f7
23.Ra1d1 Rd4xd1
24.Nc3xd1 Re7e2
25.Kd3 Re2h2
26.a4 Rh2xh3
27.Kc2 Rh3g3
28.g5 Rg3xg5
29.Nd1c3 Rg5xf5
30.Nc3e4 Bc5b4
31.Kb1  { time }
1-0

[Event "Tourn. n8451"]
[Site "www.chess-mail.com"]
[Date "2015.12.09"]
[Round "1"]
[White "Naujzaid"]
[Black "Cheminet"]
[WhiteElo "1900"]
[BlackElo "1720"]
[Result "0-1"]
[Round "1"]
1.d4 e6
2.c4 Bf8b4
3.Bc1d2 c5
4.Ng1f3 Ng8f6
5.e3 Nf6e4
6.Bf1d3 f5
7.O-O Ne4xd2
8.Nb1xd2 b6
9.Nf3e5 Bb4xd2
10.Qd1xd2 Bc8b7
11.Qd2e2 O-O
12.f4 Nb8c6
13.Ra1d1 cxd4
14.Ne5xc6 Bb7xc6
15.exd4 Qd8f6
16.Qe2e5 Qf6g6
17.d5 exd5
18.cxd5 Ra8e8
19.Qe5d4 Qg6d6
20.Bd3c2 Bc6b7
21.Rd1d2 Bb7a6
22.Bc2d3 Ba6b7
23.Bd3c4 Re8e4
24.Qd4d3 Qd6c5
{ resign }
0-1

[Event "Tourn. n8466"]
[Site "www.chess-mail.com"]
[Date "2015.12.09"]
[Round "1"]
[White "Paes19"]
[Black "Falcoale"]
[WhiteElo "1990"]
[BlackElo "1890"]
[Result "1-0"]
[Round "1"]
1.e4 c5
2.Bf1c4 e6
3.Nb1c3 a6
4.Ng1e2 b5
5.Nc3xb5 axb5
6.Bc4xb5 Bc8b7
7.d3 Ng8f6
8.f3 Bf8e7
9.c4 O-O
10.O-O Nb8c6
11.a3 Ra8b8
12.a4 d5
13.Bc1d2 Nc6a7
14.a5 Na7xb5
15.cxb5 dxe4
{ time. }
1-0

[Event "Tourn. n8392"]
[Site "www.chess-mail.com"]
[Date "2015.12.09"]
[Round "1"]
[White "Jhw"]
[Black "Falcoale"]
[WhiteElo "1930"]
[BlackElo "1910"]
[Result "1-0"]
[Round "1"]
1.Ng1f3 c5
2.g3 Ng8f6
3.d3 e6
4.Bf1g2 d5
5.Nf3e5 Bf8d6
6.Bc1g5 Bd6xe5
7.c3 O-O
8.Nb1d2 Nb8d7
9.f4 Be5c7
10.e4 dxe4
11.dxe4 h6
12.Bg5h4 Qd8e8
13.e5 Nf6d5
14.Qd1e2 Nd5e7
15.g4 Ne7g6
16.Bh4g3 Ra8b8
17.h4 b6
18.h5 Ng6e7
19.O-O-O Ne7d5
20.Rd1e1 b5
21.Bg2xd5 exd5
22.Nd2f3 Qe8e6
23.f5 Qe6a6
24.a3 b4
25.cxb4 Qa6xe2
26.Re1xe2 cxb4
27.g5 hxg5
28.Nf3xg5 Nd7c5
29.h6  { time }
1-0

[Event "Tourn. n8416"]
[Site "www.chess-mail.com"]
[Date "2015.12.09"]
[Round "1"]
[White "Luban"]
[Black "Comrade"]
[WhiteElo "2120"]
[BlackElo "2070"]
[Result "1/2-1/2"]
[Round "1"]
1.d4 d5
2.Ng1f3 Ng8f6
3.h3 e6
4.e3 c5
5.c4 dxc4
6.Bf1xc4 cxd4
7.exd4 Bf8e7
8.a3 b6
9.Bc1e3 Bc8b7
10.O-O Nb8c6
11.Nb1c3 O-O
12.d5 exd5
13.Nc3xd5 Nf6xd5
14.Bc4xd5 Nc6a5
15.Bd5xb7 Na5xb7
16.b4 a5
17.Qd1xd8 Rf8xd8
18.Be3xb6 Rd8d6
19.Bb6e3 axb4
20.axb4 Rd6a6
21.Ra1xa6 Ra8xa6
22.b5 Ra6a4
23.Rf1b1 Be7c5
24.Rb1c1 Bc5f8
25.Rc1c8 Nb7d6
26.Rc8b8 f6
27.Be3c5 Ra4a1
28.Kh2 Kf7
29.Rb8xf8 Kxf8
30.Bc5xd6 Ke8
31.b6 Ra1b1
32.Bd6c7 Kd7
33.Nf3d2 Rb1b2
34.Nd2c4 Rb2c2
35.Bc7g3 Kc6
36.Nc4e3 Rc2b2
37.Ne3f5 { draw }
1/2-1/2

[Event "Tourn. n8407"]
[Site "www.chess-mail.com"]
[Date "2015.12.09"]
[Round "1"]
[White "Yvan"]
[Black "Raven16"]
[WhiteElo "999"]
[BlackElo "1499"]
[Result "0-1"]
[Round "1"]
1.e4 e5
2.Ng1f3 Nb8c6
3.Bf1b5 a6
4.Bb5a4 Ng8f6
5.O-O Bf8e7
6.Rf1e1 b5
7.Ba4b3 O-O
8.c3 d5
9.exd5 Nf6xd5
10.Nf3xe5 Nc6xe5
11.Re1xe5 c6
12.d4 Be7d6
13.Re5e2 Qd8h4
14.g3 Qh4h3
15.f4 Bc8g4
16.Qd1f1 Qh3xf1
17.Kxf1 Bg4xe2
18.Kxe2 Rf8e8
19.Kf2 Re8e7
20.Nb1d2 Ra8e8
21.Nd2f3 Nd5e3
22.Bc1xe3 Re7xe3
23.Nf3e5 Bd6xe5
24.fxe5 Re3d3
25.Ke2 c5
26.Kxd3 c4
 { time }
0-1

[Event "Tourn. n8518"]
[Site "www.chess-mail.com"]
[Date "2015.12.09"]
[Round "1"]
[White "Caspito"]
[Black "Attatroll"]
[WhiteElo "1800"]
[BlackElo "1900"]
[Result "0-1"]
[Round "1"]
1.e4 e6
2.d4 d5
3.e5 c5
4.Bc1f4 cxd4
5.Bf1b5 Bc8d7
6.Bb5xd7 Qd8xd7
7.Qd1xd4 Nb8c6
8.Qd4d1 Bf8c5
9.c3 Ng8e7
10.Qd1c2 O-O
11.Ng1f3 Ne7g6
12.Nf3g5 h6
13.Ng5f3 Ng6xf4
14.O-O Nf4g6
15.Rf1e1 Ra8c8
16.Nb1d2 Nc6b4
17.Qc2d1 Nb4d3
18.Re1e2 Nd3xb2
19.Qd1c2 Nb2a4
{ resign }
0-1

[Event "Tourn. n8406"]
[Site "www.chess-mail.com"]
[Date "2015.12.09"]
[Round "1"]
[White "Falcoale"]
[Black "Mitja"]
[WhiteElo "1910"]
[BlackElo "1960"]
[Result "0-1"]
[Round "1"]
1.e4 d5
2.exd5 Qd8xd5
3.Nb1c3 Qd5d8
4.d4 c6
5.Ng1f3 e6
6.Bf1c4 h6
7.O-O Nb8d7
8.Bc1f4 Nd7b6
9.Bc4b3 Ng8f6
10.Nf3e5 Nb6d5
11.Bf4g3 Nd5xc3
12.bxc3 Nf6d5
13.Qd1d3 Bf8e7
14.f4 Be7f6
15.c4 Nd5b6
16.Ra1e1 O-O
17.c3 Nb6d7
18.Bb3c2 Rf8e8
19.Qd3h7 Kf8
20.Ne5g4 Ke7
21.Ng4xf6 Nd7xf6
22.Qh7xg7 Re8g8
23.Qg7xh6 Qd8f8
24.Qh6xf8 Kxf8
25.Bg3h4 Nf6h5
26.Re1e5 Nh5g7
27.d5 cxd5
28.cxd5 b6
29.Bc2b3 Bc8b7
30.dxe6 Ng7xe6
31.g3 Bb7a6
32.Rf1e1 Ne6xf4
33.Bh4e7 Ke8
34.Be7g5 Nf4e6
35.Bb3xe6 fxe6
36.Re5xe6 Kf7
37.Re6e7 Kg6
38.h4 Ba6c4
39.a3 b5
40.Re7c7 Rg8f8
41.Rc7c6 Kh5
42.Rc6h6 Kg4
43.Bg5f4 Rf8g8
44.Re1e4 Ra8e8
45.Re4d4 Kf3
46.Rd4d2 Re8e1
47.Kh2 Rg8e8
48.Rh6f6 Re1e2
49.Rd2xe2 Re8xe2
50.Kh3 Bc4e6
51.Rf6xe6 Re2xe6
52.h5 Ke4
53.h6 Kf5
54.Kh4 Kg6
55.g4 Re6e4
 { time }
0-1

[Event "Tourn. n8411"]
[Site "www.chess-mail.com"]
[Date "2015.12.09"]
[Round "1"]
[White "Maredocla"]
[Black "Falcoale"]
[WhiteElo "1990"]
[BlackElo "1880"]
[Result "1-0"]
[Round "1"]
1.g3 c5
2.Bf1g2 Ng8f6
3.b3 e6
4.Bc1b2 Bf8e7
5.d3 O-O
6.e4 Nb8c6
7.Ng1e2 d5
8.Ne2c3 d4
9.Nc3e2 e5
10.f4 Nf6d7
11.f5 g6
12.O-O Be7g5
13.Nb1d2 Nc6e7
14.Nd2f3 gxf5
15.Nf3xg5 Nd7f6
16.exf5 Ne7xf5
17.Bb2c1 Nf6g4
18.Bg2e4 Ng4e3
19.Bc1xe3 Nf5xe3
20.Qd1d2 Qd8xg5
21.Rf1f2 Qg5g7
22.Kh1 Ne3g4
23.Rf2g2 Ng4e3
24.Rg2g1 f5
25.Be4f3 Ne3g4
26.Bf3xg4 fxg4
27.Ra1f1 Bc8d7
28.Rf1xf8 Ra8xf8
29.Rg1e1 Qg7f6
30.Ne2c1 Bd7c6
31.Kg1 b6
32.Qd2e2 Rf8e8
33.Re1f1 Qf6e6
34.Qe2f2 Bc6f3
35.Qf2d2 Qe6g6
36.Qd2f2 Re8e6
37.a3 e4
38.dxe4 Re6xe4
39.Qf2d2 Qg6e6
40.h3 Qe6e5
41.Qd2f2 Qe5h5
42.h4 Qh5e8
43.Qf2d2 Qe8e5
44.Qd2f2  { time }
1-0

[Event "Tourn. n8372"]
[Site "www.chess-mail.com"]
[Date "2015.12.09"]
[Round "1"]
[White "Falcoale"]
[Black "Julian"]
[WhiteElo "1940"]
[BlackElo "1820"]
[Result "0-1"]
[Round "1"]
1.e4 c5
2.Ng1f3 d6
3.d4 cxd4
4.Nf3xd4 Ng8f6
5.Nb1c3 a6
6.Bf1d3 e5
7.Nd4f3 h6
8.O-O Bc8e6
9.h3 Nb8d7
10.Nf3h2 Ra8c8
11.f4 exf4
12.Bc1xf4 Nd7e5
13.Nc3e2 Bf8e7
14.b3 Ne5xd3
15.cxd3 O-O
16.Ne2g3 Nf6d7
17.Qd1d2 Nd7e5
18.Ra1d1 Qd8b6
19.Bf4e3 Qb6b5
20.Ng3f5 Be6xf5
21.Rf1xf5 g6
22.Rf5f2 d5
23.Be3xh6 Rf8d8
24.Qd2f4 dxe4
25.Qf4xe4 Be7d6
26.Rd1f1 Rc8c7
27.Nh2g4 f5
28.Ng4f6 Kf7
29.Qe4h4 Bd6c5
30.Nf6e4 Rd8xd3
31.Qh4f6 Ke8
32.Qf6xe5 Rc7e7
33.Ne4f6 Kf7
34.Qe5b2 Bc5d4
35.Qb2c2 Bd4xf6
36.Bh6f4 Bf6d4
37.Bf4g5 Re7d7
38.Kh1 Bd4xf2
39.Rf1xf2 Rd3d1
40.Kh2 Rd1f1
41.Rf2xf1 Qb5e5
42.Bg5f4 Qe5b5
43.Qc2c4 Qb5xc4
44.bxc4 b5
45.cxb5 axb5
46.Rf1b1 Rd7a7
47.Rb1a1 Ra7a4
 { time }
0-1

[Event "Tourn. n8420"]
[Site "www.chess-mail.com"]
[Date "2015.12.09"]
[Round "1"]
[White "Falcoale"]
[Black "Emerchess"]
[WhiteElo "1920"]
[BlackElo "1939"]
[Result "0-1"]
[Round "1"]
1.e4 e6
2.Ng1f3 d5
3.exd5 exd5
4.d4 Bc8g4
5.h3 Bg4f5
6.Nb1c3 c6
7.Bf1e2 Ng8f6
8.O-O Bf8d6
9.Bc1g5 Nb8d7
10.Rf1e1 O-O
11.Be2d3 Bf5xd3
12.Qd1xd3 Qd8c7
13.Re1e2 Rf8e8
14.Ra1e1 h6
15.Bg5h4 Qc7b6
16.Nc3a4 Qb6c7
17.Na4c5 g5
18.Bh4g3 Bd6xg3
19.fxg3 Qc7xg3
20.Nc5xd7 Nf6e4
21.Nf3d2 Qg3xd3
22.cxd3 Re8d8
23.Nd2xe4 dxe4
24.Nd7f6 Kg7
25.Nf6xe4 Rd8xd4
26.Ne4f2 Ra8d8
27.Re2e7 Rd8d7
28.Nf2g4 Rd4xd3
29.Re7e8 Rd3d2
30.Re1b1 Rd2c2
31.a3 Rd7d2
32.Ng4e3 Rc2xb2
33.Rb1xb2 Rd2xb2
34.Re8e7 Rb2b3
35.Ne3c4 b5
36.Nc4e5 Kf6
37.Ne5xc6 a6
38.Re7a7 Rb3xa3
39.Nc6d8 { time. }
0-1

[Event "Tourn. n8494"]
[Site "www.chess-mail.com"]
[Date "2015.12.09"]
[Round "1"]
[White "Yangqi"]
[Black "Madz123456"]
[WhiteElo "2600"]
[BlackElo "2450"]
[Result "1-0"]
[Round "1"]
1.Ng1f3 d5
2.c4 e6
3.g3 Ng8f6
4.Bf1g2 dxc4
5.Qd1a4 c6
6.Qa4xc4 Bf8e7
7.O-O b5
8.Qc4c2  { time }
1-0

[Event "Tourn. n8424"]
[Site "www.chess-mail.com"]
[Date "2015.12.09"]
[Round "1"]
[White "Falcoale"]
[Black "Emerchess"]
[WhiteElo "1910"]
[BlackElo "2079"]
[Result "0-1"]
[Round "1"]
1.e4 e6
2.Ng1f3 d5
3.exd5 exd5
4.d4 Bc8g4
5.Bf1e2 Ng8f6
6.h3 Bg4f5
7.O-O Bf8d6
8.c3 O-O
9.Bc1g5 Nb8d7
10.Be2d3 Bf5xd3
11.Qd1xd3 c6
12.Nb1d2 Rf8e8
13.Rf1e1 Qd8c7
14.Bg5xf6 Nd7xf6
15.Re1e2 Re8xe2
16.Qd3xe2 Qc7d7
17.Ra1e1 Ra8e8
18.Qe2d3 h6
19.Nd2b3 Bd6c7
20.Nb3c5 Qd7c8
21.Re1xe8 Nf6xe8
22.a3 Ne8f6
23.b4 Nf6d7
24.Nc5xd7 Qc8xd7
25.Nf3e5 Qd7e6
26.Ne5f3 Qe6e4
27.Qd3xe4 dxe4
28.Nf3e5 Bc7xe5
29.dxe5 Kf8
30.g3 Ke7
31.f4 f5
 { time }
0-1

[Event "Tourn. n8412"]
[Site "www.chess-mail.com"]
[Date "2015.12.09"]
[Round "1"]
[White "Vinvangogh"]
[Black "Falcoale"]
[WhiteElo "1600"]
[BlackElo "1890"]
[Result "1-0"]
[Round "1"]
1.Ng1f3 c5
2.e4 Nb8c6
3.Bf1b5 e6
4.O-O a6
5.Bb5c4 b5
6.Bc4b3 c4
7.d4 cxb3
8.d5 exd5
9.exd5 bxc2
10.Rf1e1 Bf8e7
11.dxc6 dxc6
12.Qd1xd8 Kxd8
13.Nb1c3 Bc8f5
14.Nf3e5 Bf5g6
15.Ne5xc6 Ke8
16.Nc3d5 h5
17.Bc1f4 Ng8f6
18.Nd5xe7 Kf8
19.Bf4d6 Nf6e4
20.f3 Ne4d2
21.Ne7xg6 Kg8
22.Bd6e5 fxg6
23.Ra1c1 Kh7
24.Rc1xc2 Nd2c4
25.a4 Nc4xe5
26.Re1xe5 bxa4
27.Nc6e7 Ra8d8
28.Rc2c1 Kh6
29.Rc1c6 Rd8d1
30.Kf2 Rd1d2
31.Kg3 h4
32.Kxh4 Rd2d4
33.g4 Rd4d2
34.Rc6xg6 { resign }
1-0

[Event "Tourn. n8467"]
[Site "www.chess-mail.com"]
[Date "2015.12.09"]
[Round "1"]
[White "Roque1"]
[Black "Falcoale"]
[WhiteElo "1640"]
[BlackElo "1890"]
[Result "1-0"]
[Round "1"]
1.e4 c5
2.Ng1f3 e6
3.d4 cxd4
4.Nf3xd4 Nb8c6
5.Bc1e3 a6
6.Bf1e2 Ng8f6
7.Qd1d3 Nc6xd4
8.Qd3xd4 Bf8e7
9.Nb1d2 O-O
10.O-O-O Qd8a5
11.Kb1 d5
12.Nd2b3 Qa5c7
13.e5 Nf6e4
14.f3 Ne4g5
15.h4 Ng5xf3
16.Be2xf3 b5
17.Rh1h3  { time }
1-0

[Event "Tourn. n8325"]
[Site "www.chess-mail.com"]
[Date "2015.12.09"]
[Round "1"]
[White "Nimzo"]
[Black "Yangqi"]
[WhiteElo "2770"]
[BlackElo "2470"]
[Result "1-0"]
[Round "1"]
1.Ng1f3 d5
2.c4 e6
3.b3 Ng8f6
4.g3 d4
5.Bf1g2 c5
6.e3 Nb8c6
7.exd4 cxd4
8.O-O Bf8d6
9.d3 O-O
10.Rf1e1 e5
11.a3 a5
12.Bc1g5 h6
13.Bg5xf6 Qd8xf6
14.Nb1d2 Bd6c7
15.c5 Bc8g4
16.Qd1c2 Qf6f5
17.Ra1b1 Ra8a7
18.b4 axb4
19.axb4 Rf8a8
20.b5 Ra7a2
21.Qc2c1 Nc6a5
22.b6 Bc7b8
23.Nf3xd4 Qf5xd3
24.Nd2b3 Na5xb3
25.Nd4xb3 Qd3d7
26.Qc1c4 Qd7f5
27.Re1f1 Bg4e2
28.Qc4d5 Be2xf1
29.Rb1xf1 Qf5c8
30.Qd5xb7 Qc8xb7
31.Bg2xb7 Ra8a3
32.Rf1d1 Kf8
33.c6 Ra3xb3
34.c7 Bb8xc7
35.bxc7 Ra2c2
36.c8Q Rc2xc8
37.Bb7xc8 Rb3c3
38.Bc8b7 Rc3c7
39.Bb7e4 g6
40.Kg2 f5
41.Be4d5 e4
42.Rd1b1 Rc7c2
43.Kf1 Rc2d2
44.Rb1b5 Ke7
45.h4 Kf6
46.Rb5b6 Kg7
47.Bd5e6 h5
48.Be6c4 Rd2c2
49.Bc4d5 Rc2d2
50.Bd5e6 Rd2d1
51.Ke2 Rd1d3
52.Be6b3 Rd3c3
53.Bb3a4 Rc3c8
54.Kd2 Rc8a8
55.Ba4b3 Ra8a7
56.Ke3 Ra7c7
57.Kf4 Kh6
58.Bb3g8 Rc7d7
59.Bg8e6 Rd7d2
60.Ke5 Rd2xf2
61.Rb6b8 { resign }
1-0